
Library Catalogue

| 000 -LEADER | |
|---|---|
| fixed length control field | 01129nam a2200229Ia 4500 |
| 003 - CONTROL NUMBER IDENTIFIER | |
| control field | OSt |
| 005 - DATE AND TIME OF LATEST TRANSACTION | |
| control field | 20210608075834.0 |
| 008 - FIXED-LENGTH DATA ELEMENTS--GENERAL INFORMATION | |
| fixed length control field | 160316s2011 xxu||||| |||| 00| 0 eng d |
| 020 ## - INTERNATIONAL STANDARD BOOK NUMBER | |
| International Standard Book Number | 978-0199569830 |
| 040 ## - CATALOGING SOURCE | |
| Transcribing agency | NLS |
| 082 ## - DEWEY DECIMAL CLASSIFICATION NUMBER | |
| Classification number | 302.5 DOW |
| 100 ## - MAIN ENTRY--PERSONAL NAME | |
| Personal name | Downes David |
| 245 ## - TITLE STATEMENT | |
| Title | Understanding deviance : A guide to the sociology of crime and rule-breaking |
| 250 ## - EDITION STATEMENT | |
| Edition statement | 6h |
| 260 ## - PUBLICATION, DISTRIBUTION, ETC. | |
| Place of publication, distribution, etc. | Oxford |
| Name of publisher, distributor, etc. | Oxford University Press |
| Date of publication, distribution, etc. | 2011 |
| 300 ## - PHYSICAL DESCRIPTION | |
| Extent | 409p |
| Dimensions | xi |
| 365 ## - TRADE PRICE | |
| Price amount | Rs. 2,733 |
| 505 ## - FORMATTED CONTENTS NOTE | |
| Formatted contents note | Contents:<br/>1. Theoretical Contexts: The Changing Nature and Scope of the Sociology of Crime and Deviance<br/>2. Sources of Knowledge about Crime and Deviance<br/>3. The Chicago School<br/>4. Functionalism: The Durkheimian Legacy<br/>5. Anomie and Strain Theory<br/>6. Culture and Subculture<br/>7. Symbolic Interactionism<br/>8. Phenomenology<br/>9. Control Theories<br/>10. Radical Criminology<br/>11. Feminist Criminology<br/>12. Victimology<br/>13. Public Criminology: Theory and Policy<br/>14. The Metamorphosis of the Sociology of Crime and Deviance. |
| 650 ## - SUBJECT ADDED ENTRY--TOPICAL TERM | |
| Topical term or geographic name entry element | 1. Deviant Behavior2. Crime - Sociological Aspects |
| 700 ## - ADDED ENTRY--PERSONAL NAME | |
| Personal name | Rock Paul |
| -- | |
| 942 ## - ADDED ENTRY ELEMENTS (KOHA) | |
| Source of classification or shelving scheme | Dewey Decimal Classification |
| Koha item type | BOOKs |
| Withdrawn status | Lost status | Damaged status | Not for loan | Home library | Current library | Shelving location | Date acquired | Cost, normal purchase price | Total Checkouts | Full call number | Barcode | Date last seen | Price effective from | Koha item type |
|---|---|---|---|---|---|---|---|---|---|---|---|---|---|---|
| NLS | NLS | 30/05/2017 | 2733.00 | 302.5 DOW | 27760 | 30/05/2017 | 30/05/2017 | BOOKs |